00222pab a2200085 454500008003600000100002200036245003600058650002200094773002000116180718b xxu||||| |||| 00| 0 eng d aBalachander, K.K. aEducation: vital, yet neglected aEducation - India aUniversity News